Chile en la colonia
Uloženo v:
| Hlavní autoři: | , , , , , , |
|---|---|
| Médium: | Kniha |
| Jazyk: | španělština |
| Vydáno: |
Viña del Mar
Universidad Católica de Chile
2001
|
| Témata: | |
| Tagy: |
Přidat tag
Žádné tagy, Buďte první, kdo vytvoří štítek k tomuto záznamu!
|
MARC
| LEADER | 00000nam a2200000 a 4500 | ||
|---|---|---|---|
| 001 | UCN9950 | ||
| 003 | CL-VaPUC | ||
| 008 | 011221e20010000CL |||||||||||||||||spa|d | ||
| 082 | 0 | 4 | |a 983.03 |b INZ |2 21 |
| 100 | |a Inzunza López, Karla |e author |9 830225 | ||
| 700 | 0 | |a Mellado, Paola |e author |9 466490 | |
| 700 | 0 | |a Miranda, Carla |e author |9 466491 | |
| 700 | 0 | |a Pérez, Maritza |e author |9 466492 | |
| 700 | 0 | |a Pérez, Verónica |e author |9 466493 | |
| 700 | 0 | |a Tapia, Ana Luisa |e author |9 466494 | |
| 700 | 0 | |a Valdés, Catalina |e author |9 466495 | |
| 245 | 1 | 0 | |a Chile en la colonia |
| 300 | |a 98 h | ||
| 942 | |c BK | ||
| 945 | |d 20011221 00:00:00 |a crobeson | ||
| 260 | |a Viña del Mar |b Universidad Católica de Chile |c 2001 | ||
| 500 | |a Trabajo para la asignatura de Didáctica de las Ciencias Sociales, a cargo del profesor Jorge Nuñez Rojas | ||
| 650 | 7 | |a HISTORIA DE CHILE - 1560-1810 |2 CL-VaPUC |9 466496 | |
| 650 | 7 | |a COLONIA |2 CL-VaPUC |9 466497 | |
| 650 | 7 | |a HISTORIA SOCIAL - COLONIA |2 CL-VaPUC |9 466498 | |
| 650 | 7 | |a HISTORIA ECONOMICA - COLONIA |2 CL-VaPUC |9 466499 | |
| 651 | 7 | |a CHILE |2 CL-VaPUC |9 466500 | |
| 583 | |a last modification |c 20011221 00:00:00 |k Rodrigo Vera | ||
| 999 | |c 299046 |d 299044 | ||
| 952 | |0 0 |1 0 |4 0 |6 983_030000000000000_INZ_2001 |7 0 |8 A |9 355173 |a BIBEDU |b BIBEDU |d 2019-11-21 |i 3783049 |o 983.03 INZ 2001 |p 3783049 |r 2019-11-21 |w 2019-11-21 |y BK |k BME | ||